LEADER 01206nam--2200373---450- 001 990001519830203316 005 20051103150527.0 035 $a000151983 035 $aUSA01000151983 035 $a(ALEPH)000151983USA01 035 $a000151983 100 $a20040319d1971----km-y0itay0103----ba 101 0 $ager 102 $aDE 105 $a||||||||001yy 200 1 $a<> Epidemien und das Corpus Hippocraticum$eVeruntersuchungen zu einer Geschichte der Koischen rzteschule$fvon Karl Deichgraber 205 $aDurch Nachwort und Nachtrage vermehrter photomekanischer Nachdruck 210 $aBerlin [etc.]$cDe Gruyter$d1971 215 $a187 p.$d28 cm 300 $aRipr. facs. dell'ed.: Berlin, 1933 410 0$12001 454 1$12001 461 1$1001-------$12001 700 1$aDEICHGRABER,$bKarl$0186274 801 0$aIT$bsalbc$gISBD 912 $a990001519830203316 951 $aII.6. 1020(VIII C 1116)$b63674 L.M.$cVIII C 959 $aBK 969 $aUMA 979 $aSIAV4$b10$c20040319$lUSA01$h1523 979 $aPATRY$b90$c20040406$lUSA01$h1746 979 $aCOPAT6$b90$c20051103$lUSA01$h1505 996 $aEpidemien und das Corpus Hippocraticum$9304865 997 $aUNISA